| 000 | 00745 a2200193 4500 | ||
|---|---|---|---|
| 003 | NUST | ||
| 005 | 20251219144530.0 | ||
| 040 | _cNust | ||
| 082 | _a621.382,SAE | ||
| 100 |
_aSaeed, Usman. (TE-48) _9132510 |
||
| 245 |
_aBiometric Caller Identification / _cCSUO Usman Saeed, GC Shan ul Hassan, GC Abeer Ansari and FC Muhammad Ramadan |
||
| 260 |
_aRawalpindi _bMCS (NUST) _cMay 2015 |
||
| 300 | _av,103 p.; | ||
| 505 | _aIntroduction (Page-6), Literature Review (Page-14), Design and Development (Page-18), Project Analysis and Evaluation (Page-25), Recommendation for Future Work (Page-29), Conclusion (Page-31). | ||
| 650 |
_aUG Project _9131132 |
||
| 651 | _aTE-48 | ||
| 700 |
_aSupervised by Dr. Tayyab ALi _9132511 |
||
| 942 |
_cPR _2ddc |
||
| 999 |
_c217258 _d217258 |
||